Industrial law (Record no. 2525)

MARC details
000 -LEADER
fixed length control field 00379nam a22001697a 4500
005 - DATE AND TIME OF LATEST TRANSACTION
control field 20180412103411.0
008 - FIXED-LENGTH DATA ELEMENTS--GENERAL INFORMATION
fixed length control field 160613b xxu||||| |||| 00| 0 eng d
020 ## - INTERNATIONAL STANDARD BOOK NUMBER
ISBN 81-7012-658-4
041 ## - LANGUAGE CODE
Language code of text/sound track or separate title eng
082 ## - DEWEY DECIMAL CLASSIFICATION NUMBER
Item number 7258
Classification number 343
100 ## - MAIN ENTRY--AUTHOR NAME
Personal name Malik, P.L.
245 ## - TITLE STATEMENT
Title Industrial law
260 ## - PUBLICATION, DISTRIBUTION, ETC. (IMPRINT)
Name of publisher Eastrent Books
300 ## - PHYSICAL DESCRIPTION
Number of Pages 1735
650 ## - SUBJECT ADDED ENTRY--TOPICAL TERM
Topical Term Management
942 ## - ADDED ENTRY ELEMENTS (KOHA)
Koha item type Books
Holdings
Lost status Damaged status Collection code Home library Current library Shelving location Date acquired Cost, normal purchase price Full call number Accession Number Koha item type
    LAW JRU Library JRU Library SHELF-29-D 13/06/2016 2400.00 343 7258 Books